Nový devízový zákon s dôvodovou správou a vykonávacími predpismi

Guardado en:
Detalles Bibliográficos
Formato: Libro
Lenguaje:eslovaco
Publicado: Bratislava EPOS 1995
Edición:1. vyd.
Materias:
Etiquetas: Agregar Etiqueta
Sin Etiquetas, Sea el primero en etiquetar este registro!

MARC

LEADER 00000nam a2200000 4500
001 c012018
005 20221214072712.0
020 |a 80-88810-15-9 
041 0 |a slo 
044 |a SK 
245 1 0 |a Nový devízový zákon s dôvodovou správou a vykonávacími predpismi 
250 |a 1. vyd. 
264 1 |a Bratislava  |b EPOS  |c 1995 
300 |a 112 s. 
610 2 0 |a devízy 
610 2 0 |a obchod zahraničný 
610 2 0 |a financie medzinárodné 
610 2 0 |a banky 
610 2 0 |a zákony 
610 2 0 |a predpisy právne 
610 2 0 |a Slovensko 
610 2 0 |a politika devízová 
610 2 0 |a NBS Bratislava